000 00536nam a22001932 4500
001 0000007556
005 20151217160114.0
008 080215s xx 000 0 eng d
020 _a8171810977 :
_cKES 125
040 _aKABU
_cKABU
100 1 _aTiwari, Pratibha.
_@0000158812
245 1 0 _aArchimedes /
_cPratibha Tiwari.
260 _aNew Delhi :
_bLearners Press,
_c1994.
300 _a48 p.
600 1 0 _aArchimedes.
_@0000158813
908 _a080215
950 _@1
999 _c14336
_d14336